| 000 | 00000nam##2200000za#4500 |
| 001 | 9.662789 |
| 003 | CaOODSP |
| 005 | 20200401064429 |
| 007 | ta |
| 008 | 150407|2001||||xxc||||| f|0| 0 eng|d |
| 020 | |a0-662-65736-5 |
| 040 | |aCaOODSP|beng |
| 041 | |aeng |
| 041 | |afre |
| 043 | |an-cn--- |
| 086 | 1 |aSF31-53/5-2001 |
| 110 | 1 |aCanada. |bOffice of the Commissioner of Official Languages. |
| 245 | 10|aCanadian linguistic facts and figures: Alberta, British Columbia, Northwest Territories, Yukon |
| 260 | |aOttawa - Ontario : |bOffice of the Commissioner of Official Languages |c2001. |
| 300 | |aEnglish text, 20p. ; |c28 cm. |
| 546 | |aBilingual |
| 563 | |aSoftcover |
| 590 | |a01-47|b2001-11-23 |
| 690 | 07|aOfficial languages|2gcpds |
| 690 | 07|aWestern provinces|2gcpds |
| 690 | 07|aNorthern Canada|2gcpds |
| 776 | 0#|tLes langues officielles au Canada - faits et chiffres. Alberta, Colombie-Britannique, Territoires du Nord-Ouest, Yukon |w(CaOODSP)9.640086 |
| 776 | 0#|tCanadian linguistic facts and figures. Alberta, British Columbia, Northwest Territories, Yukon |w(CaOODSP)9.695969 |
| 792 | |tLes langues officielles au Canada: faits et chiffres: Alberta, Colombie-Britannique, Territoires du Nord-Ouest, Yukon |efre|w(CaOODSP)9.662790 |